000 nam a22 7a 4500
999 _c10758
_d10758
008 180223b ||||| |||| 00| 0 eng d
100 _aGupta,R.G.etal.
_96604
245 _aLaboratory Manual Mathematics-III
260 _aNew Delhi
_bArya
_c2013